Tüz Homonnán

Správa o požiari, ktorý vypukol v židovských kúpeľoch na rohu Kossuthovej ulice. Následne ohrozil domy na Kováčskej a Hrnčiarskej ulici. Po lokalizovaní sa podarilo dostať plameň pod kontrolu a tak zhoreli celkove "len" 4 domy.

Bibliographic Details
Format: Article
Language:Hungarian
Subjects:
Source: 1. Felvidéki Hirlap 1. Roč. 7, č. 29 (02.08.1914) s. 2
LEADER 00983nab#a2200313#ar4500
001 000074564
003 SVKKK
005 20050120xxxxxxx.
008 06 c xo huno
FMT
038 |a SVKKK 
040 |a SVKKK  |b slo  |e AACR2 
041 0 |a hun 
044 |a xo  |c SK 
080 |a 614.84 
242 1 0 |a Požiar v Humennom 
245 0 0 |a Tüz Homonnán 
500 |a mikrofilm 
520 2 |a Správa o požiari, ktorý vypukol v židovských kúpeľoch na rohu Kossuthovej ulice. Následne ohrozil domy na Kováčskej a Hrnčiarskej ulici. Po lokalizovaní sa podarilo dostať plameň pod kontrolu a tak zhoreli celkove "len" 4 domy. 
650 0 4 |a požiare - kúpele židovské, Humenné - domy obytné (4) - Humenné - [31.06.1914] - správy 
773 0 |t Felvidéki Hirlap  |g Roč. 7, č. 29 (02.08.1914) s. 2 
957 |a Humenné 
958 |a CI 
958 |a DG 
958 |a SK 
974 |a Ba  |d 20050120 
992 |a RBX 
BAS
998 |a RETRO